Repurposing Rice Husk Biomass: Activated Porous Carbon for Electrode material of Supercapacitors with Enhanced Energy Storage/ (Record no. 608696)
[ view plain ]
| 000 -LEADER | |
|---|---|
| fixed length control field | 00512nam a22001577a 4500 |
| 082 ## - DEWEY DECIMAL CLASSIFICATION NUMBER | |
| Classification number | 621.3 |
| Author Mark | MEM |
| 100 ## - MAIN ENTRY--PERSONAL NAME | |
| Personal name | Memon, Muntaha Ali (363047) |
| 245 ## - TITLE STATEMENT | |
| Title | Repurposing Rice Husk Biomass: Activated Porous Carbon for Electrode material of Supercapacitors with Enhanced Energy Storage/ |
| 264 ## - PRODUCTION, PUBLICATION, DISTRIBUTION, MANUFACTURE, AND COPYRIGHT NOTICE | |
| Place of production, publication, distribution, manufacture | Islamabad : |
| Name of producer, publisher, distributor, manufacturer | USPCAS-E, NUST |
| Date of production, publication, distribution, manufacture, or copyright notice | March, 2024. |
| 300 ## - PHYSICAL DESCRIPTION | |
| Extent | xvi, 74 p. |
| Accompanying material | +CD |
| 520 ## - SUMMARY, ETC. | |
| Summary, etc. | TH-556 |
| 650 ## - SUBJECT ADDED ENTRY--TOPICAL TERM | |
| Topical term or geographic name entry element | MS ESE Thesis |
| 650 ## - SUBJECT ADDED ENTRY--TOPICAL TERM | |
| Topical term or geographic name entry element | MS Thesis |
| 700 ## - ADDED ENTRY--PERSONAL NAME | |
| Personal name | Dr. Ghulam Ali |
| 942 ## - ADDED ENTRY ELEMENTS (KOHA) | |
| Source of classification or shelving scheme | |
| Koha item type | Thesis |
| Withdrawn status | Permanent Location | Current Location | Date acquired | Full call number | Barcode | Koha item type |
|---|---|---|---|---|---|---|
| US-Pakistan Center for Advanced Studies in Energy (USPCAS-E) | US-Pakistan Center for Advanced Studies in Energy (USPCAS-E) | 03/14/2024 | 621.3 MEM | CAS-ETH0000556 | Thesis |
